000 00633nam a2200265Ia 4500
005 20260324153414.0
008 008 260324s9999 xx 000 0 eng d
020 _a9780323912303
037 _aEBOOK
040 _aCRL
040 _beng
040 _cCRL
041 _2eng
041 _aeng
084 _qCRL
100 _aSachin Salunkhe
_91231315
245 0 _aAdvances in Metal Additive Manufacturing
260 _bElsevier
260 _c2023
650 _aEngineering
856 _uhttps://www.sciencedirect.com/science/book/9780323912303
942 _cEBOOK
999 _c1842791
_d1842791